Gijs bakker and jewelry

Bibliographic Details
Main Author: Joris
Format: Book
Published: Arnoldsche : stuttgart , 2005
Subjects:

MARC

LEADER 00000cam a2200000 7i4500
001 0000016796
005 20080429.0
008 080429
020 |a 3897902230 
090 0 0 |a 391.7   |b JOR 
100 1 |a Joris 
245 1 0 |a Gijs bakker and jewelry   |c Joris 
260 |a Arnoldsche :   |b stuttgart ,   |c 2005 
650 0 |a Jewellry   |x Customs & fashion 
999 |a 0001013892   |b Book   |c REFERENCE   |e Perbadanan Perpustakaan Awam Johor